Bachelor of arts (Record no. 8241)

MARC details
000 -LEADER
fixed length control field 00440cam a2200193ua 4500
001 - CONTROL NUMBER
control field 9178
005 - DATE AND TIME OF LATEST TRANSACTION
control field 20260515114433.0
008 - FIXED-LENGTH DATA ELEMENTS--GENERAL INFORMATION
fixed length control field 150223n ii |||gr||||Z||||||eng
040 ## - CATALOGING SOURCE
Transcribing agency MAIN
041 ## - LANGUAGE CODE
Language code of text/sound track or separate title eng
082 ## - DEWEY DECIMAL CLASSIFICATION NUMBER
Classification number 823N
100 ## - MAIN ENTRY--PERSONAL NAME
Personal name Agnihotri, C. B.,
Relator term Author.
245 1# - TITLE STATEMENT
Title Bachelor of arts
Statement of responsibility, etc. By C. B. Agnihotri
250 ## - EDITION STATEMENT
Edition statement 1st.
260 ## - PUBLICATION, DISTRIBUTION, ETC.
Place of publication, distribution, etc. Agra:
Name of publisher, distributor, etc. Lakshmi,
Date of publication, distribution, etc. 2001.
300 ## - PHYSICAL DESCRIPTION
Extent 72p.
653 ## - INDEX TERM--UNCONTROLLED
Uncontrolled term English fiction
942 ## - ADDED ENTRY ELEMENTS (KOHA)
Koha item type Books
Holdings
Withdrawn status Lost status Damaged status Not for loan Home library Current library Shelving location Date acquired Total checkouts Full call number Barcode Date last seen Copy number Price effective from Koha item type
        Naharkatiya College Library Naharkatiya College Library General stacks 09/19/2020   823N | AGN 4777 09/19/2020 1 09/19/2020 Books